000
00345nam a2200145 i 4500
001
bgj
100
1
_a
WILSON, John Dover
245
0
_a
Shakespeare's happy comedies /
_c
John Dover Wilson.
250
_a
[2nd impr.].
260
_a
London,
_c
1963.
040
_c
BPK
041
_a
eng
942
_c
KS
008
s uk f |000 0 eng
999
_c
47510
_d
47510